Obesidad, ¿Qué podemos hacer? Una mirada desde la salud pública.
Guardado en:
| Otros Autores: | , , |
|---|---|
| Formato: | Libro |
| Publicado: |
Santiago, Chile:
Ediciones UC,
2009.
|
| Edición: | Primera edición. |
| Materias: | |
| Etiquetas: |
Agregar Etiqueta
Sin Etiquetas, Sea el primero en etiquetar este registro!
|
MARC
| LEADER | 00000nam a22000007a 4500 | ||
|---|---|---|---|
| 003 | CL-VaPUC | ||
| 005 | 20241205153547.0 | ||
| 008 | 241120t2009 ||||| |||| 00| 0 spa d | ||
| 999 | |c 445850 |d 445848 | ||
| 020 | |a 978-956-14-1052-7 | ||
| 040 | |c Pontificia Universidad Católica de Valparaíso | ||
| 082 | 7 | |a 616.398 MAR 2009 |2 22 | |
| 100 | 1 | |a Mardones Santander, Francisco |e editor |9 894075 | |
| 245 | |a Obesidad, ¿Qué podemos hacer? |b Una mirada desde la salud pública. | ||
| 250 | |a Primera edición. | ||
| 260 | |a Santiago, Chile: |b Ediciones UC, |c 2009. | ||
| 300 | |a 288 páginas. | ||
| 500 | |a c.1. Donación Familia Prof. Patricio Carvajal Rondanelli. Biblioteca de Alimentos 17-10-2024 | ||
| 583 | |c 20241120 |k Cristina María Rojas Aguilar | ||
| 650 | |a Obesidad |x Prevención y control |9 894076 | ||
| 700 | |a Velasco, Nicolás |e coeditor |9 894077 | ||
| 700 | |a Rozowski, Jaime |e coeditor |9 894078 | ||
| 942 | |2 ddc |c BK | ||
| 952 | |0 0 |1 0 |2 ddc |4 0 |6 616_398000000000000_MAR_2009 |7 0 |8 A |9 598163 |a BIBALI |b BIBALI |d 2024-11-20 |e Donación |i 5663371 |o 616.398 MAR 2009 |p 5663371 |r 2025-01-20 |t 1 |w 2024-11-20 |y BK |k ALI | ||